Capsicum y sus derivados en Iberoamérica: aspectos agrícolas, científicos, tecnológicos y económicos
Uloženo v:
| Hlavní autor: | |
|---|---|
| Médium: | Kniha |
| Jazyk: | španělština |
| Vydáno: |
La Paz
Gráfica Express Editores
2001
|
| Vydání: | 1a. ed |
| Témata: | |
| Tagy: |
Přidat tag
Žádné tagy, Buďte první, kdo vytvoří štítek k tomuto záznamu!
|
MARC
| LEADER | 00000cam a2200000 a 4500 | ||
|---|---|---|---|
| 001 | UCC1986 | ||
| 003 | CL-VaPUC | ||
| 008 | 171230e20010000bo |||||||||||||||||spa|d | ||
| 020 | |a 9990501076 | ||
| 082 | 0 | 4 | |a 635.643 |b LOA |2 21 |
| 100 | |a Loayza, Ingrid |e autora |9 596110 | ||
| 245 | 1 | 0 | |a Capsicum y sus derivados en Iberoamérica: aspectos agrícolas, científicos, tecnológicos y económicos |
| 250 | |a 1a. ed | ||
| 300 | |a 341 p | ||
| 942 | |c BK | ||
| 945 | |d 20171230 00:11:00 |a dcastane | ||
| 260 | |a La Paz |b Gráfica Express Editores |c 2001 | ||
| 500 | |a Incluye anexo con recetas | ||
| 650 | 0 | |a Pimiento |9 325628 | |
| 650 | 0 | |a Cultivo de hortalizas |9 338094 | |
| 583 | |a last modification |c 20171230 00:11:00 |k Rodrigo Vera | ||
| 999 | |c 370306 |d 370304 | ||
| 952 | |0 0 |1 0 |3 erb |4 0 |6 635_643000000000000_LOA_2001 |7 0 |8 A |9 486698 |a BIBALI |b BIBALI |c GEN |i 5442966 |o 635.643 LOA 2001 |p 5442966 |r 2025-01-20 |w 2019-11-24 |y BK |z Catalogado en:20171230 |k ALI | ||